000 01263nam a2200361 i 4500
001 8433
003 KOSZ 005
005 20200504145106.0
008 071006s1968 pl a f 000 0 pol
015 _aPB 1968/10161
040 _aWA N
_cWA N
_dKOSZ 005/RW
_dKOSZ 005/HR
046 _k1968
080 _a62-5
080 _a621.398
080 _a621.318
100 1 _aSiwiński, Jerzy
_d(1908-1990)
_eAutor
245 1 0 _aUkłady przełączające w automatyce /
_cJerzy Siwiński.
250 _aWydanie 2 uzupełnione i poprawione.
260 _aWarszawa :
_bWydawnictwa Naukowo-Techniczne,
_c1968.
300 _a546, [2] stron :
_bilustracje ;
_c25 cm.
336 _aTekst
_btxt
_2rdacontent
337 _aBez urządzenia pośredniczącego
_bn
_2rdamedia
338 _aWolumin
_bnc
_2rdacarrier
380 _aKsiążki.
388 _a1901-2000
500 _aWydanie 1 pod tytułem: Układy przekaźnikowe w automatyce.
504 _aBibliografia na stronach 545-[547].
658 _aInżynieria i technika
650 4 _aUkład przełączający
710 2 _aWydawnictwa Naukowo-Techniczne
_4pbl.
856 _uhttp://koha.tu.koszalin.pl/cgi-bin/koha/opac-detail.pl?biblionumber=8433
_yKatalog online BPK
942 _2UKD
_cKS
999 _c8433
_d8433